000 01018cam a2200289 a 4500
001 000024511
005 20260116105540.0
008 850726s1993 sp 000 | spa d
020 _a8479270616
040 _aDO-SdBNP
_bspa
_cBNPHU
041 1 7 _aeng
_hspa
_2Código de idioma MARC
082 _a158.1
_bE26c
100 1 _aEdwards, Gill
_950230
240 1 0 _aLiving magically.
_lEspañol
245 1 0 _aCambie su mente, sane su vida /
_cGill Edwards ; traducción Carme Geronès, Carles Urritz.
260 _aBarcelona, (España) :
_bEdiciones Robinbook,
_c1993.
300 _a269 p. ;
_c22 cm.
504 _aIncluye referencias bibliográficas : p. 261-267
500 _aIncluye notas : p. 255-260
534 _aTítulo original :
_tLiving magically.
650 0 _aPsicología aplicada
_91579
650 4 _aCambio (psicología)
_936636
650 4 _aOrientación psicológica
_99544
650 4 _aMadurez (psicología)
_91223
700 1 _aGeronès, Carme
_etr.
_950231
700 1 _aUrritz, Carles
_etr.
_950232
999 _c24004
_d24004